000 00534nam a2200181Ia 4500
005 20250326124643.0
008 250326s9999 xx 000 0 und d
037 _aTextbook
040 _aFMSL
_beng
_cFMSL
041 _aeng
_2eng
084 _aX:8ogD658(2:55) L82
_qFMSL
100 _aLucas H C
_9319831
245 0 _aInformation systems concepts for management
_cLucas H C
260 _aLondon
_bLondon, McGraw-Hill
_c1978
300 _a368p
942 _cTB
_hX:8ogD658(2:55) L82
999 _c1274590
_d1274590